Practice of reinsurance
| Format: | Book |
|---|---|
| Published: |
Kuala Lumpur
The Malaysian Insurance Institute
c1991
|
| Series: | Study course (The Malaysian Insurance Institute) ;
|
| Subjects: |
MARC
| LEADER | 00000cam a2200000 7i4500 | ||
|---|---|---|---|
| 001 | 0000002644 | ||
| 008 | 021118n | ||
| 020 | |a 1853690570 | ||
| 090 | 0 | 0 | |a HG8083 |b .P72 1991 |
| 245 | 0 | 0 | |a Practice of reinsurance |c [edited by R. L. Carter |f revised by R. C. Hobart] |
| 260 | 2 | |a Kuala Lumpur |b The Malaysian Insurance Institute |c c1991 | |
| 300 | |a 1 v. (various paging) ; |c 30 cm + |e 1 v. (21 p. ; 21 cm) | ||
| 440 | 0 | 0 | |a Study course (The Malaysian Insurance Institute) ; |c 61 |
| 650 | 0 | |a Reinsurance | |
| 999 | |a 1000036949 |b Book |c OPEN SHELF (30 DAYS) |e Gong Badak Campus | ||